Statistics for Writer Rhymes

Click here to take the quiz!

General Stats

  • This quiz has been taken 13 times
  • The average score is 6 of 18

Answer Stats

RhymeAuthor Name% Correct
MildWilde (Oscar)
92%
DoePoe (Edgar Allan)
67%
BostonAusten (Jane)
58%
CrooksBrooks (Gwendolyn)
58%
VoiceJoyce (James)
58%
BrainTwain (Mark)
58%
MistyChristie (Agatha)
42%
WiccansDickens (Charles)
42%
BathPlath (Sylvia)
42%
BlingKing (Stephen)
33%
MisnomerHomer
17%
BuddhaNeruda (Pablo)
17%
TurnVerne (Jules)
17%
CabooseDr. Seuss
8%
MuseHughes (Langston)
8%
ConsolingRowling (J.K.)
8%
ShampooCamus (Albert)
0%
GloomyRumi
0%

Score Distribution

Percentile by Number Answered

Percent of People with Each Score

Your Score History

You have not taken this quiz